000 00713nam a22002177a 4500
003 UA-OsUOA
001 68780
007 ta
008 20100518b un ||||| |||| 00| 0 ukr d
090 _a7.071(477.87)
_bХ98
942 _cBK
040 _aUA-OsUOA
_bukr
_cUA-OsUOA
_dUA-OsUOA
245 _aХудожники Закарпаття
_bДо 55-річчя Закарпатської організації Національної Спілки художників України
300 _a234 с.
955 _a2
041 _aukr
080 _a7.071(477.87)
260 _aУжгород
_bКарпати
_c2001
650 7 _a7.0 Загальні питання мистецтва
_2UDC
999 _c355036
_d355036